00685nam a22001937a 4500003000900000008004100009020001800050040007100068082001800139100003000157245005500187260005800242300002800300440002800328505008800356650002200444650001300466650001200479AR-CdUCM190517b ||||| |||| 00| 0 spa d a968-16-1605-7 aMUNICIPALIDAD PROVINCIAL DEL CUSCOcBIBLIOTECA MUNICIPAL DEL CUSCO a869.1 /bR741 aRojas Gonzales, Francisco aLa venganza de Carlos Mango :by otras historias / aMéxico, D.F :bFondo de Cultura Económica,c1984. a131 páginas ;c22 cm. aLecturas mexicanas n40 aContenido: La tona -- Los novios -- Las vacas de Quiviquinta -- Hículi Hualula... aCuentos mexicanos aSiglo XX aDiosero